Animated Superheroes Quiz Stats

Quiz Updated Oct 15, 2015

Challenge
Share
Tweet
Score 0/25 Timer 05:00
25 Plays Today
% Correct
Batman
99.6%
Spider-Man
98%
The Incredible Hulk
97.3%
Superman
96.9%
Flash
95.7%
Wonder Woman
95.2%
Iron Man
95%
Captain America
94.7%
Thor
94.1%
Green Lantern
93.6%
Wolverine
92.4%
Aquaman
85.7%
Cyclops
81.5%
% Correct
Black Panther
76.3%
Human Torch
69%
Hawkman
66.6%
Nightwing
66.6%
Black Widow
63.5%
Raven
60.8%
Wasp
57.3%
Black Canary
45.8%
Plastic Man
44.1%
Red Hood
43.2%
Red Tornado
42.8%
Static
34.7%

You're not logged in!

Compare scores with friends on all Sporcle quizzes.
Sign Up with Email
OR
Log In

You Might Also Like...

Show Comments

Extras

Top Quizzes Today


Score Distribution

Your Account Isn't Verified!

In order to create a playlist on Sporcle, you need to verify the email address you used during registration. Go to your Sporcle Settings to finish the process.